00266nam a2200109Ia 4500003000400000005001700004008004100021020001800062040001900080100001800099245003900117OSt20240102061330.0170524s9999 xx 000 0 und d a9788190982818 cIIMT UNIVERSTY aKumar Archana 0aPrinciples of Software Engineering